Obálka Náhled e-knihy:
PDF Epub
Pro půjčování e-knih musíte být přihlášeni.
Jak si půjčit online?

Země příběhů. Za hranice království /

Kdo má na svědomí ztracené děti? Země příběhů je vzhůru nohama a sourozenci Baileyovi a jejich přátelé musí záhadě přijít na kloub. Může za to Maskovaný muž? Nebo záhadný nepřítel, který ovládá neporazitelnou armádu těch největších ničemů? Od 9 let.

Uloženo v:
Série:Země příběhů, část 4
Hlavní autor: Colfer, Chris, 1990- (Autor)
Další autoři: Dorman, Brandon (Autor), Volhejnová, Veronika, 1962- (Ilustrátor)
Médium: E-kniha
Jazyk:Czech
Vydáno: Praha : Fragment, 2018
Vydání:1. vydání
Témata:
Příbuzné jednotky:Z cyklu:: Země příběhů
Tagy:
Žádné tagy
LEADER 03880cam a2200577 i 4500
001 310899
003 CZ PrSKC
005 20260601215656.0
007 ta
008 180522s2018 xr a c 000 f cze
015 |a cnb002998109 
020 |a 9788025343401  |q (soubor) :  |c Kč 1790,00 
020 |a 978-80-253-3681-6  |q (vázáno) 
035 |a (OCoLC)1043871705 
040 |a OLA001  |b cze  |d ABA001  |e rda 
041 1 |a cze  |h eng 
072 7 |a 821.111(73)-3  |x Americká próza  |2 Konspekt 
072 7 |a 821-93  |x Literatura pro děti a mládež (beletrie)  |2 Konspekt 
080 |a 821.111(73)-31  |2 MRF 
080 |a 821-93  |2 MRF 
080 |a (0:82-312.9)  |2 MRF 
100 1 |a Colfer, Chris,  |d 1990-  |7 xx0204002  |4 aut 
240 1 0 |a Beyond the kingdoms.  |l Česky 
245 1 0 |a Země příběhů.  |p Za hranice království /  |c Chris Colfer ; ilustroval Brandon Dorman ; z anglického originálu The land of stories - beyond the kingdoms přeložila Veronika Volhejnová 
246 3 0 |a Za hranice království 
250 |a 1. vydání 
264 1 |a Praha :  |b Fragment,  |c 2018 
300 |a 331 stran :  |b ilustrace ;  |c 22 cm 
336 |a text  |b txt  |2 rdacontent 
337 |a bez média  |b n  |2 rdamedia 
338 |a svazek  |b nc  |2 rdacarrier 
500 |a Dotisk v roce 2019 
500 |a Část nákladu distribuována v roce 2019 jako součást souboru 6 knih ve společném kartonovém pouzdru s názvem Země příběhů (Kouzelné přání, Návrat kouzelnice, Za hranice království, Varování bratří Grimmů, Na vlnách fantazie, Srážka světů); ISBN souboru pouze na krabici 
520 2 |a Kdo má na svědomí ztracené děti? Země příběhů je vzhůru nohama a sourozenci Baileyovi a jejich přátelé musí záhadě přijít na kloub. Může za to Maskovaný muž? Nebo záhadný nepřítel, který ovládá neporazitelnou armádu těch největších ničemů? Od 9 let.  |b Představte si, že každá kniha může být portálem do světa, o kterém vypráví. Přáli byste si cestovat zeměmi, o kterých právě čtete, a potkávat hrdiny z oblíbených příběhů? Kmotřička víla chce potěšit svého smutného syna, a tak stvoří lektvar, který umožňuje vstupovat do knih a prožívat vyprávění na vlastní kůži. Nemá ovšem ani tušení, co tím způsobí. Její syn totiž netouží po ničem jiném, než zničit Zemi příběhů a s ní i všechny víly. V dalším díle Země příběhů Alex, Connor, Mášenka, Jack, Červená Karkulka a Matka Husa musí porazit záhadného nepřítele, který se zmocnil Portálového elixíru a teď shromažďuje armádu složenou z těch nejproklatějších ničemů, kteří se kdy v knihách jen mihli. Podaří se jim vypátrat, co se stalo s pohřešovanými dětmi, kdo je Maskovaný muž a zachránit Zemi příběhů? 
655 7 |a americké romány  |7 fd131796  |2 czenas 
655 7 |a fantasy romány  |7 fd184199  |2 czenas 
655 7 |a publikace pro děti  |7 fd133156  |2 czenas 
655 9 |a American fiction  |2 eczenas 
655 9 |a fantasy novels  |2 eczenas 
655 9 |a children's literature  |2 eczenas 
700 1 |a Dorman, Brandon  |7 xx0206338  |4 ill 
700 1 |a Volhejnová, Veronika,  |d 1962-  |7 jn20010309724  |4 trl 
740 0 2 |a Země příběhů - box 1-6 
740 0 2 |a Země příběhů - komplet 
787 0 8 |i Z cyklu:  |t Země příběhů  |g 4 
900 |a ABA001  |b 21 
928 9 |a Albatros Media - Fragment 
044 |a xr 
910 |a RBIT002 
998 |d 178367  |a https://core.palmknihy.cz/api/books/178367/cover?s88ilj  |b https://core.palmknihy.cz/api/books/178367/cover/400?s88ilj  |c https://core.palmknihy.cz/api/books/178367/cover/50?s88ilj  |e 2027-10-11  |g 336  |i 9788025336816  |j https://core.palmknihy.cz/api/books/178367/preview.epub  |k https://core.palmknihy.cz/api/books/178367/preview.pdf  |l   |q 49  |r 1  |s https://www.palmknihy.cz/kniha/178367  |t ebook  |y 2018  |z 0  |v Země příběhů  |w 4 
999 |d 310897